| 000 | 00711nam a22001457a 4500 | ||
|---|---|---|---|
| 999 |
_c527268 _d527268 |
||
| 008 | 240819b ||||| |||| 00| 0 eng d | ||
| 100 |
_aKumar, V., Vati, K. and Chaudhary, A. _956582 |
||
| 245 | _aCyberspace vis-avis cyersecurity in Indian through the lens of law and policy | ||
| 260 | _aProductivity | ||
| 300 | _a65(1), Apr-Jun, 2024: p.11-20 | ||
| 520 | _aTechnology, roughly speaking, is a process or method involving use of machines in general which when applied increases the frequency, efficiency or speed of performing some act; such application resulting in a market improvement in the state of affairs. – Reproduced | ||
| 773 | _aProductivity | ||
| 906 | _aCYBER SECURITY | ||
| 942 | _cAR | ||